00727 2200241 4500001002100000005001700021008004100038020001800079035002500097090001800122100002400140245009300164250001100257260005100268300003600319500003100355650002200386700002100408850001200429990001700441990001700458990001000475YOGYA-0209000003671320150610111554.0 ind  a979-420-579-6 a0010-020900000036713 a530.11bAnu P aANUGRAHA NQS, Rinto aPengantar teori relativitas dan kosmologicoleh Rinto Anugraha ; editor, Nunung Prajarto aCet. 1 aYogyakartabGadjah Mada University Pressc2005 aix, 219 hlm. :bilus. ;c21 cm. aBibliografi : hlm. 217-218 aTeori Relativitas aPrajarto, Nunung aYOPDYOG a1030-PD/P.06 a1031-PD/P.06 a107-P